Statystyki dla Skład Fulham w Premier League 2023/24

Kliknij tutaj aby rozwiązać quiz!

Ogólne statystyki

  • Ten quiz został rozwiązany 9 razy
  • Średni wynik to 8 z 24

Statystyki odpowiedzi

NumerZawodnik% Poprawnych
17Bernd Leno
75%
18Andreas Pereira
63%
26Joao Palhinha
63%
13Tim Ream
63%
20Willian
63%
14Bobby Decordova-Reid
50%
33Antonee Robinson
38%
30Carlos Vinicius
38%
6Harrison Reed
38%
8Harry Wilson
38%
2Kenny Tete
38%
-Raul Jimenez
38%
19Rodrigo Muniz
38%
9Aleksandar Mitrović
25%
1Marek Rodak
25%
28Sasa Lukić
25%
10Tom Cairney
25%
4Tosin Adarabioyo
25%
31Issa Diop
13%
35Tyrese Francois
13%
-Anthony Knockaert
0%
-Ivan Cavaleiro
0%
27Kevin Mbabu
0%
-Terence Kongolo
0%

Rozkład punktacji

Percentyl według liczby udzielonych odpowiedzi

Procent ludzi z każdym wynikiem

Twoja historia wyników

Nie rozwiązałeś tego quizu